| 000 | 01040nam a22002417a 4500 | ||
|---|---|---|---|
| 999 |
_c6978 _d6978 |
||
| 003 | AR-CdUCM | ||
| 008 | 190319b ||||| |||| 00| 0 spa d | ||
| 040 |
_aMUNICIPALIDAD PROVINCIAL DEL CUSCO _cBIBLIOTECA MUNICIPAL DEL CUSCO |
||
| 082 |
_a658 / _bS77 |
||
| 100 |
_aSpringer, Clifford H. _919677 |
||
| 245 |
_aModelos Probabilisticos : _bSerie de Matemáticas para la Dirección de Negocios / |
||
| 260 |
_aMéxico : _bCentro Region de Ayuda Tecnica , _c1972. |
||
| 300 |
_a345 páginas ; _c23 cm. |
||
| 505 | _aContenido : Los modelos y la estadistica -- Procesos Estogásticos -- El proceso de MARKOV -- Un enfoque analítico -- El método de Montecarlo -- La teoría de las colas -- Modelos de Decisión -- La metamatemática... | ||
| 650 |
_aProbabilidades Matematicas _919678 |
||
| 650 |
_aMatematica Aplicada _919679 |
||
| 650 |
_aEstadisticas y Probabilidades _919680 |
||
| 700 |
_aHerlihy, Roberth E. _919681 |
||
| 700 |
_aMall, Roberth T. _919682 |
||
| 700 |
_aBeggs, Roberth I. _919683 |
||
| 942 |
_2ddc _cLIBROS |
||
| 945 | _artm | ||